English grammar for the utterly confused [electronic resource] (Record no. 576672)

000 -LEADER
fixed length control field 00445nam a22001457a 4500
020 ## - INTERNATIONAL STANDARD BOOK NUMBER
International Standard Book Number 0071430970
082 ## - DEWEY DECIMAL CLASSIFICATION NUMBER
Classification number 280 SCB
100 ## - MAIN ENTRY--PERSONAL NAME
Personal name Rozakis, Laurie.
9 (RLIN) 69342
245 ## - TITLE STATEMENT
Title English grammar for the utterly confused [electronic resource]
260 ## - PUBLICATION, DISTRIBUTION, ETC.
Place of publication, distribution, etc. New York
Name of publisher, distributor, etc. McGraw-Hill
Date of publication, distribution, etc. 2003
300 ## - PHYSICAL DESCRIPTION
Extent 236 p
Other physical details xvii
490 ## - SERIES STATEMENT
Series statement Utterly confused series:
650 ## - SUBJECT ADDED ENTRY--TOPICAL TERM
Topical term or geographic name entry element English language -- Grammar | English language -- Usage
9 (RLIN) 69343
942 ## - ADDED ENTRY ELEMENTS (KOHA)
Koha item type Book
Holdings
Withdrawn status Lost status Damaged status Not for loan Permanent Location Current Location Shelving location Date acquired Total Checkouts Full call number Barcode Date last seen Price effective from Koha item type
        College of Electrical & Mechanical Engineering (CEME) College of Electrical & Mechanical Engineering (CEME) General Stacks 12/20/2017   280 SCB CEME -SCB-19072-A 06/28/2021 06/28/2021 Book
© 2023 Central Library, National University of Sciences and Technology. All Rights Reserved.